000 00811nam a2200229Ia 4500
005 20260430150802.0
008 008 250103s9999 xx 000 0 hin d
037 _aTheses
040 _aCRL
040 _bhin
040 _chin
041 _2hin
041 _ahin
084 _qCRL
100 _aआज़ाद, विजय भान, ले.
_9868803
245 0 _aरांगेय राघव द्वारा शेक्सपीयर के अनूदित नाटकों का समाजभाषावैज्ञानिक अध्ययन
260 _c2023
300 _a290पृ0
700 _aदिल्ली विश्वविद्यालय. कला संकाय. हिन्दी विभाग
942 _cTH
999 _c1850768
_d1850768